Confusing Telugu Letter Sorting - Statistics

General Stats
  • This quiz has been taken 190 times
  • The average score is 6 of 9
Answer Stats
Hint Answer % Correct
Gha
77%
Na
72%
Ma
70%
Ha
67%
Pa
66%
Va
65%
Sa
62%
Pha
61%
Ṣa
37%
No matching quizzes found
Score Distribution
Percent of People with Each Score
Percentile by Number Answered
Your Score History
You have not taken this quiz